| 000 | 00389pab a2200157 454500 | ||
|---|---|---|---|
| 008 | 180718b2015 xxu||||| |||| 00| 0 eng d | ||
| 100 | _aVaidyanathan, A. | ||
| 245 | _aCow slaughter ban and the welfare of cattle | ||
| 260 | _c2015 | ||
| 300 | _ap.44-49. | ||
| 362 | _a28 Nov | ||
| 650 | _aCattle | ||
| 650 | _aLivestock | ||
| 773 | _aEconomic and Political Weekly | ||
| 909 | _a109708 | ||
| 999 |
_c109703 _d109703 |
||